[Event "Lady Chess"]
[Site "Koge"]
[Date "2014.10.17"]
[Round "8"]
[White "Guindy, Esmat"]
[Black "Ptacnikova, Lenka"]
[Result "1/2-1/2"]
[WhiteElo "2062"]
[BlackElo "2265"]
[PlyCount "152"]
[EventDate "2014.10.11"]
[EventType "tourn"]
[EventRounds "9"]
[EventCountry "DEN"]
[Source "ChessBase"]
[SourceDate "2014.11.20"]

1. d4 b5 2. Nh3 Bb7 3. f3 d5 4. Nf2 Nf6 5. e3 a6 6. Nd2 Nbd7 7. Nd3 e6 8. Nb3
Bd6 9. Na5 Qb8 10. Bd2 c5 11. dxc5 Nxc5 12. Nxc5 Bxc5 13. Bd3 Ra7 14. Qe2 O-O
15. O-O-O Rc8 16. g4 Ne4 17. Be1 Qc7 18. Nxb7 Qxb7 19. Bxe4 dxe4 20. f4 b4 21.
Kb1 a5 22. Rd2 a4 23. Bh4 Raa8 24. Rhd1 Qb6 25. Bf2 b3 26. cxb3 axb3 27. a3
Bxa3 28. bxa3 Qa5 29. Rd4 Qc5 30. Rg1 Qxa3 31. Qb2 Qxb2+ 32. Kxb2 Ra2+ 33. Kxb3
Rxf2 34. h4 h5 35. gxh5 Rh2 36. Rxe4 Rc5 37. h6 g6 38. Rg5 Rf5 39. Rxf5 gxf5
40. Rd4 Rxh4 41. Rd8+ Kh7 42. Kc4 Rxh6 43. Kd3 Rh2 44. Ra8 Kg6 45. Rg8+ Kf6 46.
Ra8 Rg2 47. Rb8 Rg1 48. Rc8 Ke7 49. Rc7+ Ke8 50. Rb7 Kf8 51. Rb8+ Kg7 52. Rc8
Ra1 53. Rc6 Kg6 54. Rc8 Kf6 55. Rb8 Ke7 56. Rg8 Kd6 57. Re8 Ra7 58. Ke2 Kc5 59.
Rg8 Rc7 60. Rd8 Kc4 61. Rb8 Kc3 62. Rb1 Kc2 63. Rb6 Kc1 64. Ra6 Rc2+ 65. Kf3
Rd2 66. Ra3 Rd7 67. Ke2 Rc7 68. Ra1+ Kb2 69. Rd1 f6 70. Rd6 e5 71. Rxf6 Rc2+
72. Ke1 exf4 73. Rxf5 fxe3 74. Re5 Kc3 75. Rxe3+ Kd4 76. Rh3 Ra2 1/2-1/2

[Event "Lady Chess"]
[Site "Koge"]
[Date "2014.10.13"]
[Round "4"]
[White "Guindy, Esmat"]
[Black "Tomnikova, Lidia"]
[Result "1-0"]
[WhiteElo "2062"]
[BlackElo "2240"]
[PlyCount "75"]
[EventDate "2014.10.11"]
[EventType "tourn"]
[EventRounds "9"]
[EventCountry "DEN"]
[Source "ChessBase"]
[SourceDate "2014.11.20"]

1. Nf3 Nf6 2. c4 e6 3. g3 b6 4. Bg2 Bb7 5. O-O Be7 6. Nc3 O-O 7. b3 d5 8. cxd5
exd5 9. d4 Nbd7 10. Bb2 Ne4 11. Rc1 Nxc3 12. Rxc3 Bd6 13. Rc2 Re8 14. Re1 Nf6
15. Qc1 Qe7 16. Ne5 c5 17. Nd3 cxd4 18. Bxd4 Ne4 19. Qe3 Qd7 20. Qc1 Rac8 21.
Rxc8 Rxc8 22. Qa1 f6 23. Qb2 Nc5 24. Rd1 Ne6 25. Bh3 Qe7 26. Nf4 Bxf4 27. gxf4
Nxf4 28. Bxc8 Bxc8 29. Be3 Nh3+ 30. Kf1 Ba6 31. Qd4 Kf8 32. Qh4 Qe6 33. Qg3 Kf7
34. Rc1 d4 35. Rc7+ Ke8 36. Qxg7 Kd8 37. Rxa7 Bxe2+ 38. Ke1 1-0

[Event "Lady Chess"]
[Site "Koge"]
[Date "2014.10.15"]
[Round "6"]
[White "Guindy, Esmat"]
[Black "Baliuniene, Margarita"]
[Result "1/2-1/2"]
[WhiteElo "2062"]
[BlackElo "1961"]
[PlyCount "159"]
[EventDate "2014.10.11"]
[EventType "tourn"]
[EventRounds "9"]
[EventCountry "DEN"]
[Source "ChessBase"]
[SourceDate "2014.11.20"]

1. c4 c5 2. g3 Nf6 3. Bg2 d5 4. cxd5 Nxd5 5. Nc3 e6 6. Nf3 Nc6 7. O-O g6 8.
Nxd5 exd5 9. d4 cxd4 10. Nxd4 Bg7 11. Be3 O-O 12. Nxc6 bxc6 13. Bd4 Bxd4 14.
Qxd4 Qb6 15. Rfd1 Be6 16. Rac1 Rfc8 17. Rc5 Qa6 18. Qc3 Qxe2 19. Rc1 Bd7 20.
Re1 Qa6 21. Re7 Be6 22. a3 Qb6 23. b4 Rab8 24. Qe5 Re8 25. Qd6 Rxe7 26. Qxe7
Rc8 27. Ra5 Rc7 28. Qd8+ Kg7 29. Rc5 Rc8 30. Qd6 Qa6 31. Qe5+ Kg8 32. Qc3 Qa4
33. Bf1 a6 34. Qd3 Bf5 35. Qxa6 Qd1 36. Qe2 Qb3 37. Qe3 Qb2 38. Qc1 Qxc1 39.
Rxc1 Bd7 40. f3 Ra8 41. Rc3 Kf8 42. Kf2 Ke7 43. Ke3 Kd6 44. Kd4 Bf5 45. Be2 Re8
46. Re3 Ra8 47. Bd1 Rb8 48. Rb3 Bc8 49. Be2 Ra8 50. Re3 Ba6 51. Bd1 Bb5 52. f4
Ba4 53. Be2 h5 54. g4 hxg4 55. Bxg4 Rh8 56. Rh3 Re8 57. Re3 Rh8 58. h3 f5 59.
Be2 Rh4 60. Rg3 Rxf4+ 61. Kc3 d4+ 62. Kd2 Rh4 63. Rxg6+ Ke5 64. Rg3 f4 65. Rg5+
Ke4 66. Bg4 Bb5 67. Rg6 Bf1 68. Re6+ Kd5 69. Rf6 Bxh3 70. Bf3+ Ke5 71. Rxc6 Bf5
72. Rc5+ Kf6 73. Rc6+ Kg5 74. Rc5 Rh2+ 75. Kd1 Kf6 76. Rc6+ Ke5 77. Rc5+ Kf6
78. Rc6+ Ke7 79. Rc7+ Kd6 80. Rc6+ 1/2-1/2

[Event "Lady Chess"]
[Site "Koge"]
[Date "2014.10.17"]
[Round "8"]
[White "Krasenkova, Ilena"]
[Black "Ambartsumova, Karina"]
[Result "1/2-1/2"]
[WhiteElo "2067"]
[BlackElo "2278"]
[PlyCount "34"]
[EventDate "2014.10.11"]
[EventType "tourn"]
[EventRounds "9"]
[EventCountry "DEN"]
[Source "ChessBase"]
[SourceDate "2014.11.20"]

1. d4 f5 2. c4 Nf6 3. Nc3 g6 4. Qc2 Bg7 5. Bg5 O-O 6. e3 d6 7. Nf3 c6 8. h3 Qa5
9. a3 Na6 10. Be2 e5 11. dxe5 dxe5 12. O-O Qc7 13. b4 Qe7 14. Rad1 Nc7 15. c5
h6 16. Bh4 g5 17. Bg3 Nh5 1/2-1/2

[Event "Lady Chess"]
[Site "Koge"]
[Date "2014.10.11"]
[Round "1"]
[White "Krasenkova, Ilena"]
[Black "Frey, Alisa"]
[Result "1/2-1/2"]
[WhiteElo "2067"]
[BlackElo "2098"]
[PlyCount "112"]
[EventDate "2014.10.11"]
[EventType "tourn"]
[EventRounds "9"]
[EventCountry "DEN"]
[Source "ChessBase"]
[SourceDate "2014.11.20"]

1. d4 Nf6 2. c4 g6 3. Nc3 d5 4. cxd5 Nxd5 5. e4 Nxc3 6. bxc3 Bg7 7. Bc4 O-O 8.
Ne2 c5 9. O-O Nc6 10. Be3 Bd7 11. Rb1 Qc7 12. Bf4 e5 13. Bg3 Qc8 14. dxe5 Nxe5
15. Bxe5 Bxe5 16. f4 Bg7 17. Qb3 Rb8 18. Ng3 b5 19. Bd5 c4 20. Qa3 Qc7 21. e5
g5 22. Qe7 Rbe8 23. Qxg5 h6 24. Qh4 Qc5+ 25. Kh1 Qxd5 26. Rbd1 Qb7 27. Nh5 Bc6
28. Rf2 Qe7 29. Qg3 f5 30. Rd6 Rd8 31. Rfd2 Rxd6 32. Rxd6 Be8 33. Re6 Qb7 34.
Nf6+ Kf7 35. Nxe8 Kxe6 36. Qg6+ Bf6 37. exf6 Qf7 38. Ng7+ Kd6 39. Nxf5+ Kd7 40.
Qg4 Qxf6 41. Nd4+ Ke7 42. f5 a6 43. h3 Kf7 44. Qe4 Re8 45. Qd5+ Kg7 46. Ne6+
Kh8 47. Qd7 Qe7 48. Qd4+ Kh7 49. Qe5 Qf7 50. Kh2 Re7 51. g4 Rxe6 52. fxe6 Qf2+
53. Kh1 Qf1+ 54. Kh2 Qf2+ 55. Kh1 Qf1+ 56. Kh2 Qf2+ 1/2-1/2

[Event "Lady Chess"]
[Site "Koge"]
[Date "2014.10.15"]
[Round "6"]
[White "Krasenkova, Ilena"]
[Black "Maisuradze, Nino"]
[Result "1-0"]
[WhiteElo "2067"]
[BlackElo "2349"]
[PlyCount "97"]
[EventDate "2014.10.11"]
[EventType "tourn"]
[EventRounds "9"]
[EventCountry "DEN"]
[Source "ChessBase"]
[SourceDate "2014.11.20"]

1. d4 Nf6 2. Nf3 e6 3. c4 c5 4. Nc3 cxd4 5. Nxd4 Nc6 6. e3 Be7 7. Be2 O-O 8.
O-O d6 9. b3 a6 10. Bb2 Bd7 11. Bf3 Rb8 12. Rc1 Na7 13. Qc2 b5 14. cxb5 axb5
15. Rfd1 d5 16. a3 b4 17. axb4 Bxb4 18. g3 Rc8 19. Qb1 Qb6 20. Na4 Qa5 21. Qa1
Ra8 22. Nc5 Qb6 23. Nxd7 Nxd7 24. Qb1 Nc5 25. Ba1 Ba3 26. Rc2 Rfb8 27. Ra2 Nc6
28. Nxc6 Qxc6 29. Qc2 Qb5 30. Bxg7 Qxb3 31. Qxb3 Nxb3 32. Be5 Rb6 33. Kg2 Rba6
34. Rb1 Nc5 35. Bd4 Ra5 36. Rxa3 Rxa3 37. Bxc5 Rc3 38. Bd4 Rc7 39. h4 f5 40.
Rb6 Kf7 41. Bh5+ Ke7 42. Be5 Rca7 43. Bf4 Rc8 44. g4 fxg4 45. Bxg4 Rg8 46. Kf3
Rg6 47. h5 Rf6 48. Kg3 Kf7 49. Bg5 1-0

[Event "Lady Chess"]
[Site "Koge"]
[Date "2014.10.13"]
[Round "4"]
[White "Krasenkova, Ilena"]
[Black "Frisk, Ellinor"]
[Result "0-1"]
[WhiteElo "2067"]
[BlackElo "2311"]
[PlyCount "122"]
[EventDate "2014.10.11"]
[EventType "tourn"]
[EventRounds "9"]
[EventCountry "DEN"]
[Source "ChessBase"]
[SourceDate "2014.11.20"]

1. d4 d5 2. Nf3 Nf6 3. c4 c6 4. e3 Bg4 5. Nc3 e6 6. h3 Bh5 7. cxd5 exd5 8. Bd3
Nbd7 9. O-O Be7 10. Re1 O-O 11. g4 Bg6 12. Bxg6 hxg6 13. Qd3 Re8 14. Ne5 Bb4
15. Nxd7 Qxd7 16. f3 c5 17. Bd2 c4 18. Qf1 b5 19. Qg2 Be7 20. g5 Nh7 21. f4
Rad8 22. a3 a5 23. Qg4 Qc6 24. h4 b4 25. axb4 axb4 26. Ne2 Ra8 27. Kf2 Rxa1 28.
Rxa1 Ra8 29. Rxa8+ Qxa8 30. Qd7 Bf8 31. Bc1 Qa5 32. f5 Qa6 33. Qxd5 gxf5 34.
Qxf5 g6 35. Qe4 Bd6 36. d5 Nf8 37. Bd2 Qc8 38. Kg2 Nd7 39. h5 gxh5 40. Qf5 Nb6
41. Qxc8+ Nxc8 42. e4 Nb6 43. Be3 c3 44. Nxc3 bxc3 45. bxc3 Nd7 46. c4 Kh7 47.
Kh3 Kg6 48. Kh4 Bb4 49. Bf2 Ne5 50. c5 Nf3+ 51. Kg3 Nxg5 52. Kf4 Nh3+ 53. Ke5
Nxf2 54. c6 Ng4+ 55. Kd4 Bd6 56. Kc4 h4 57. Kb5 h3 58. Kb6 h2 59. c7 Bxc7+ 60.
Kxc7 h1=Q 61. d6 Ne5 0-1

[Event "Lady Chess"]
[Site "Koge"]
[Date "2014.10.12"]
[Round "3"]
[White "Krasenkova, Ilena"]
[Black "Daulyte, Deimante"]
[Result "1/2-1/2"]
[WhiteElo "2067"]
[BlackElo "2356"]
[PlyCount "100"]
[EventDate "2014.10.11"]
[EventType "tourn"]
[EventRounds "9"]
[EventCountry "DEN"]
[Source "ChessBase"]
[SourceDate "2014.11.20"]

1. d4 Nf6 2. c4 e6 3. g3 d5 4. Nf3 dxc4 5. Qa4+ Nbd7 6. Bg2 a6 7. Qxc4 c5 8.
dxc5 Bxc5 9. O-O b5 10. Qd3 Bb7 11. Nc3 O-O 12. a3 Qe7 13. b4 Ba7 14. Be3 Bb6
15. a4 bxa4 16. Bxb6 Nxb6 17. Nxa4 Be4 18. Qd4 Nxa4 19. Rxa4 Rfd8 20. Qc5 Qb7
21. Rfa1 Nd7 22. Qe7 Re8 23. Qd6 Nb6 24. R4a2 Red8 25. Qe5 Nc4 26. Qf4 Bd5 27.
Ne1 Qxb4 28. Ra4 Qb3 29. Bxd5 exd5 30. Nd3 h6 31. Rb4 Qc2 32. Rb7 Nd6 33. Re7
Qc4 34. Qf3 Re8 35. Rxe8+ Rxe8 36. Rc1 Qe4 37. Rc6 Nc4 38. Qxe4 Rxe4 39. Nf4 a5
40. Nxd5 Ne5 41. Rc8+ Kh7 42. f4 Ng4 43. h3 Rd4 44. hxg4 Rxd5 45. Rc7 Kg6 46.
Rc6+ Kh7 47. Rc7 Kg6 48. Rc6+ Kh7 49. Rc7 Kg6 50. Rc6+ Kh7 1/2-1/2

[Event "Lady Chess"]
[Site "Koge"]
[Date "2014.10.18"]
[Round "9"]
[White "Maisuradze, Nino"]
[Black "Daulyte, Deimante"]
[Result "1/2-1/2"]
[WhiteElo "2349"]
[BlackElo "2356"]
[PlyCount "56"]
[EventDate "2014.10.11"]
[EventType "tourn"]
[EventRounds "9"]
[EventCountry "DEN"]
[Source "ChessBase"]
[SourceDate "2014.11.20"]

1. d4 d6 2. Nf3 Nf6 3. c4 g6 4. Nc3 Bg7 5. g3 O-O 6. Bg2 Nc6 7. d5 Na5 8. b3
Nxd5 9. Nxd5 Bxa1 10. Bd2 Nxc4 11. Bg5 Bf6 12. Bxf6 exf6 13. bxc4 c6 14. Ne3
Qa5+ 15. Qd2 Qxd2+ 16. Nxd2 f5 17. O-O Rb8 18. Nb3 a5 19. a4 Rd8 20. Rd1 Kf8
21. c5 d5 22. Nd4 Ra8 23. Rb1 Ra6 24. Nec2 Ke7 25. e3 Kd7 26. Bf1 Ra8 27. Rb6
Kc7 28. Bd3 Bd7 1/2-1/2

[Event "Lady Chess"]
[Site "Koge"]
[Date "2014.10.12"]
[Round "3"]
[White "Maisuradze, Nino"]
[Black "Ptacnikova, Lenka"]
[Result "0-1"]
[WhiteElo "2349"]
[BlackElo "2265"]
[PlyCount "66"]
[EventDate "2014.10.11"]
[EventType "tourn"]
[EventRounds "9"]
[EventCountry "DEN"]
[Source "ChessBase"]
[SourceDate "2014.11.20"]

1. d4 Nf6 2. c4 e6 3. Nc3 Bb4 4. e3 O-O 5. Nge2 b6 6. a3 Be7 7. e4 d6 8. Ng3 e5
9. d5 a5 10. Be2 Nbd7 11. Be3 Ne8 12. Qd2 Nc5 13. Bd1 Nxe4 14. Ngxe4 f5 15. Ba4
f4 16. Bc6 Rb8 17. O-O fxe3 18. fxe3 Bf5 19. Rf2 g6 20. Raf1 Nf6 21. Ng5 Ng4
22. Rxf5 Rxf5 23. Ne6 Rxf1+ 24. Kxf1 Qc8 25. Qe2 Nf6 26. Nb5 Kh8 27. Nbxc7 Qg8
28. Qf3 g5 29. Qf5 Qf7 30. g4 Rg8 31. Ke2 h5 32. Nxg5 Rxg5 33. Qxg5 Nxg4 0-1

[Event "Lady Chess"]
[Site "Koge"]
[Date "2014.10.16"]
[Round "7"]
[White "Maisuradze, Nino"]
[Black "Frisk, Ellinor"]
[Result "1/2-1/2"]
[WhiteElo "2349"]
[BlackElo "2311"]
[PlyCount "114"]
[EventDate "2014.10.11"]
[EventType "tourn"]
[EventRounds "9"]
[EventCountry "DEN"]
[Source "ChessBase"]
[SourceDate "2014.11.20"]

1. d4 d5 2. c4 c6 3. Nc3 e5 4. cxd5 cxd5 5. dxe5 d4 6. Ne4 Qa5+ 7. Bd2 Qxe5 8.
Ng3 Nf6 9. Nf3 Qd5 10. a3 Nc6 11. Rc1 Be7 12. Qc2 O-O 13. Qc4 Qxc4 14. Rxc4 Be6
15. Rc1 Rac8 16. Ng5 Bd7 17. e3 dxe3 18. fxe3 Ne5 19. Be2 Rxc1+ 20. Bxc1 Rc8
21. O-O Rc2 22. Nf3 Nxf3+ 23. gxf3 Bc5 24. Kh1 Bc6 25. b4 Bb6 26. b5 Bd7 27.
Bd3 Rc3 28. Rd1 Kf8 29. Ne2 Rc8 30. a4 Be6 31. Bd2 Nd5 32. e4 Ne3 33. Rc1 Rxc1+
34. Bxc1 Ke7 35. a5 Bc5 36. Nf4 Bb3 37. Bxe3 Bxe3 38. Nd5+ Bxd5 39. exd5 g6 40.
a6 b6 41. Kg2 Kd6 42. h3 Kxd5 43. Be4+ Ke5 44. Bc6 f5 45. Bb7 g5 46. Bc6 h6 47.
Bb7 Kd6 48. Bc6 Kc5 49. Kg3 Kd4 50. Kg2 Ke5 51. Bb7 Kf4 52. Bc6 h5 53. Be8 h4
54. Bc6 g4 55. fxg4 fxg4 56. hxg4 Kxg4 57. Bd7+ Kf4 1/2-1/2

[Event "Lady Chess"]
[Site "Koge"]
[Date "2014.10.11"]
[Round "1"]
[White "Maisuradze, Nino"]
[Black "Baliuniene, Margarita"]
[Result "1-0"]
[WhiteElo "2349"]
[BlackElo "1961"]
[PlyCount "55"]
[EventDate "2014.10.11"]
[EventType "tourn"]
[EventRounds "9"]
[EventCountry "DEN"]
[Source "ChessBase"]
[SourceDate "2014.11.20"]

1. d4 d5 2. c4 e6 3. Nc3 c5 4. cxd5 exd5 5. Nf3 Nc6 6. Bg5 Nf6 7. Bxf6 gxf6 8.
e3 c4 9. Be2 Bb4 10. Qc2 Qa5 11. O-O Bxc3 12. bxc3 Be6 13. Rab1 Rb8 14. e4 O-O
15. e5 fxe5 16. Ng5 e4 17. f3 Qd8 18. Qd2 e3 19. Qxe3 Bf5 20. Rbe1 b5 21. g4
Bg6 22. f4 Re8 23. Qh3 f6 24. f5 fxg5 25. fxg6 hxg6 26. Qh6 Re6 27. Bd3 Re7 28.
Qxg6+ 1-0

[Event "Lady Chess"]
[Site "Koge"]
[Date "2014.10.14"]
[Round "5"]
[White "Maisuradze, Nino"]
[Black "Guindy, Esmat"]
[Result "1-0"]
[WhiteElo "2349"]
[BlackElo "2062"]
[PlyCount "55"]
[EventDate "2014.10.11"]
[EventType "tourn"]
[EventRounds "9"]
[EventCountry "DEN"]
[Source "ChessBase"]
[SourceDate "2014.11.20"]

1. d4 d5 2. c4 e6 3. Nc3 Be7 4. Bf4 Nf6 5. e3 a6 6. cxd5 exd5 7. Bd3 Nc6 8. a3
O-O 9. h3 Re8 10. Nge2 Nh5 11. O-O Be6 12. Qc2 g6 13. Bh2 Bd6 14. Bxd6 Qxd6 15.
Na4 Rad8 16. Rac1 Bc8 17. Rfe1 Re6 18. Nc5 Rf6 19. e4 Bxh3 20. e5 Rxf2 21. Kxf2
Nxe5 22. dxe5 Qxe5 23. gxh3 d4 24. Kg2 Qg5+ 25. Kh2 Re8 26. Ne4 Qe5+ 27. N2g3
f5 28. Qxc7 1-0

[Event "Lady Chess"]
[Site "Koge"]
[Date "2014.10.12"]
[Round "2"]
[White "Ptacnikova, Lenka"]
[Black "Tomnikova, Lidia"]
[Result "1-0"]
[WhiteElo "2265"]
[BlackElo "2240"]
[PlyCount "49"]
[EventDate "2014.10.11"]
[EventType "tourn"]
[EventRounds "9"]
[EventCountry "DEN"]
[Source "ChessBase"]
[SourceDate "2014.11.20"]

1. c4 e5 2. g3 Nf6 3. Bg2 d5 4. cxd5 Nxd5 5. Nf3 Nc6 6. O-O Be7 7. d4 e4 8. Ne5
f5 9. Nxc6 bxc6 10. Nc3 O-O 11. Qa4 Qd7 12. Rd1 a5 13. f3 Ba6 14. Nxd5 Qxd5 15.
fxe4 fxe4 16. Qc2 Qh5 17. Bxe4 Bxe2 18. Re1 Ba6 19. Bxc6 Bb4 20. Bd2 Rf2 21.
Kxf2 Qxh2+ 22. Bg2 Bxd2 23. Qb3+ Kh8 24. Qf7 Bb5 25. Re7 1-0

[Event "Lady Chess"]
[Site "Koge"]
[Date "2014.10.18"]
[Round "9"]
[White "Ptacnikova, Lenka"]
[Black "Krasenkova, Ilena"]
[Result "1-0"]
[WhiteElo "2265"]
[BlackElo "2067"]
[PlyCount "129"]
[EventDate "2014.10.11"]
[EventType "tourn"]
[EventRounds "9"]
[EventCountry "DEN"]
[Source "ChessBase"]
[SourceDate "2014.11.20"]

1. c4 c5 2. g3 Nc6 3. Bg2 g6 4. Nc3 Bg7 5. h4 h5 6. d3 d6 7. Bg5 Qa5 8. Bd2 Bd7
9. a3 Qc7 10. Rb1 Nf6 11. b4 cxb4 12. axb4 O-O 13. Nh3 a5 14. bxa5 Nxa5 15. Nf4
Bc6 16. Nfd5 Nxd5 17. Nxd5 Qd8 18. Bg5 f6 19. Be3 e6 20. Bb6 Qd7 21. Ne3 Bxg2
22. Nxg2 f5 23. Nf4 Kh7 24. O-O e5 25. Nh3 f4 26. Ng5+ Kh8 27. e3 Nc6 28. Qf3
fxg3 29. Qxg3 Ra3 30. Rfd1 Ra2 31. e4 Nd4 32. Bxd4 exd4 33. Rf1 Bf6 34. Rb6 Ra6
35. Rb5 Be5 36. f4 Bf6 37. Rfb1 Ra7 38. R1b2 Bd8 39. Kh2 b6 40. Rg2 Ra5 41.
Rxa5 bxa5 42. f5 Bf6 43. Qf3 Be5+ 44. Kh1 a4 45. Qd1 Kg8 46. Ne6 Rf6 47. Qxh5
Rxe6 48. fxe6 Qb7 49. Qxg6+ Bg7 50. h5 Qe7 51. Qf7+ Qxf7 52. exf7+ Kxf7 53. Ra2
Kf6 54. Rxa4 Kg5 55. Ra5+ Kf4 56. Rd5 Ke3 57. Rxd6 Kxd3 58. c5 Be5 59. h6 Kc4
60. Rd5 Bf6 61. c6 Kd3 62. c7 Kxe4 63. Rd7 d3 64. c8=Q Be5 65. Qc4+ 1-0

[Event "Lady Chess"]
[Site "Koge"]
[Date "2014.10.16"]
[Round "7"]
[White "Ptacnikova, Lenka"]
[Black "Frey, Alisa"]
[Result "0-1"]
[WhiteElo "2265"]
[BlackElo "2098"]
[PlyCount "83"]
[EventDate "2014.10.11"]
[EventType "tourn"]
[EventRounds "9"]
[EventCountry "DEN"]
[Source "ChessBase"]
[SourceDate "2014.11.20"]

1. g3 Nf6 2. Bg2 g6 3. e4 d6 4. d4 Bg7 5. Ne2 O-O 6. O-O c5 7. dxc5 dxc5 8.
Nbc3 Nc6 9. Be3 Qa5 10. Bd2 Qc7 11. Nd5 Nxd5 12. exd5 Nd4 13. c3 Nb5 14. Nf4
Nd6 15. Qe2 b5 16. Rfe1 Bf6 17. Nd3 Rb8 18. Be3 c4 19. Nb4 a5 20. Nc6 Rb7 21.
Bf4 Qb6 22. g4 g5 23. Be5 b4 24. cxb4 axb4 25. a4 bxa3 26. bxa3 c3 27. Rac1 Qb2
28. Rc2 Qxa3 29. Rxc3 Rb3 30. Bxf6 exf6 31. Ne7+ Kg7 32. Rc7 Ba6 33. Qc2 Qb4
34. Rc1 Bd3 35. Qd1 Ra8 36. Nc6 Qb6 37. Nd4 Rba3 38. Ne6+ Kh6 39. R7c6 Qb2 40.
Nc5 Be2 41. Qe1 Ra1 42. Nd7 0-1

[Event "Lady Chess"]
[Site "Koge"]
[Date "2014.10.13"]
[Round "4"]
[White "Ptacnikova, Lenka"]
[Black "Baliuniene, Margarita"]
[Result "1-0"]
[WhiteElo "2265"]
[BlackElo "1961"]
[PlyCount "43"]
[EventDate "2014.10.11"]
[EventType "tourn"]
[EventRounds "9"]
[EventCountry "DEN"]
[Source "ChessBase"]
[SourceDate "2014.11.20"]

1. e4 c5 2. Nc3 d6 3. f4 Nc6 4. Nf3 g6 5. Bb5 Bd7 6. Bc4 e6 7. O-O Bg7 8. d3
Nge7 9. f5 gxf5 10. Ng5 Ne5 11. Qh5 N7g6 12. exf5 exf5 13. Bd5 Qb6 14. Kh1
O-O-O 15. a4 a5 16. Ra3 Qc7 17. Rb3 Bc6 18. Bxc6 Qxc6 19. Rxf5 Rde8 20. Qh3 Ng4
21. Qxg4 Re1+ 22. Rf1+ 1-0

[Event "Lady Chess"]
[Site "Koge"]
[Date "2014.10.14"]
[Round "5"]
[White "Tomnikova, Lidia"]
[Black "Krasenkova, Ilena"]
[Result "1/2-1/2"]
[WhiteElo "2240"]
[BlackElo "2067"]
[PlyCount "41"]
[EventDate "2014.10.11"]
[EventType "tourn"]
[EventRounds "9"]
[EventCountry "DEN"]
[Source "ChessBase"]
[SourceDate "2014.11.20"]

1. e4 d5 2. exd5 Qxd5 3. d4 Nf6 4. Nf3 Bg4 5. Be2 Nc6 6. c4 Qf5 7. Be3 e5 8.
Nxe5 Bb4+ 9. Nd2 Bxe2 10. Qxe2 Nxe5 11. dxe5 Qxe5 12. O-O-O O-O 13. Nf3 Qe7 14.
Qc2 Rad8 15. a3 Bc5 16. Bd4 Bxd4 17. Nxd4 Qe4 18. f3 Qf4+ 19. Qd2 Qe5 20. Qc3
c5 21. Nb3 1/2-1/2

[Event "Lady Chess"]
[Site "Koge"]
[Date "2014.10.11"]
[Round "1"]
[White "Tomnikova, Lidia"]
[Black "Ambartsumova, Karina"]
[Result "0-1"]
[WhiteElo "2240"]
[BlackElo "2278"]
[PlyCount "98"]
[EventDate "2014.10.11"]
[EventType "tourn"]
[EventRounds "9"]
[EventCountry "DEN"]
[Source "ChessBase"]
[SourceDate "2014.11.20"]

1. e4 c5 2. Nf3 e6 3. d4 cxd4 4. Nxd4 a6 5. Bd3 Bc5 6. Nb3 Ba7 7. O-O Ne7 8.
Qe2 d6 9. Be3 Bxe3 10. Qxe3 e5 11. Nc3 Be6 12. f4 exf4 13. Qxf4 Nbc6 14. Rad1
O-O 15. Be2 Qb6+ 16. Kh1 Ne5 17. Rd2 Rad8 18. Rfd1 Qc7 19. Nd4 b5 20. Nf5 Bxf5
21. exf5 f6 22. a4 bxa4 23. Nxa4 a5 24. Nc3 d5 25. Nb5 Qb6 26. Nd4 Rc8 27. b3
Qb4 28. Qf2 a4 29. Ne6 Rf7 30. Rd4 Qc3 31. Ba6 Rc6 32. Bb5 axb3 33. Bxc6 bxc2
34. Rc1 N7xc6 35. Ra4 h5 36. Qxc2 Qe3 37. Qd1 Qh6 38. Ra8+ Kh7 39. Nf8+ Rxf8
40. Rxf8 Ng4 41. Rc2 Qf4 42. g3 Qe4+ 43. Kg1 Qxf5 44. Re2 d4 45. Qf1 Qc5 46.
Ree8 d3+ 47. Kh1 Qd5+ 48. Kg1 d2 49. Qb1+ f5 0-1

[Event "Lady Chess"]
[Site "Koge"]
[Date "2014.10.16"]
[Round "7"]
[White "Tomnikova, Lidia"]
[Black "Daulyte, Deimante"]
[Result "0-1"]
[WhiteElo "2240"]
[BlackElo "2356"]
[PlyCount "110"]
[EventDate "2014.10.11"]
[EventType "tourn"]
[EventRounds "9"]
[EventCountry "DEN"]
[Source "ChessBase"]
[SourceDate "2014.11.20"]

1. e4 d6 2. d4 Nf6 3. Nc3 e5 4. dxe5 dxe5 5. Qxd8+ Kxd8 6. Bg5 Be6 7. O-O-O+
Kc8 8. Nf3 Nbd7 9. a3 a6 10. Bh4 h6 11. Bg3 Bd6 12. Be2 b5 13. Nd2 Rd8 14. Rhf1
Kb7 15. h3 Rac8 16. Ndb1 Bc5 17. Bf3 c6 18. Rd2 a5 19. Rfd1 Bb6 20. b3 Re8 21.
Re1 Bc7 22. Kb2 Nc5 23. Nd1 Rcd8 24. Rxd8 Rxd8 25. b4 axb4 26. axb4 Na6 27. c3
c5 28. Be2 Kb6 29. f3 cxb4 30. Bf2+ Kc6 31. Ne3 Bb6 32. Rc1 bxc3+ 33. Nxc3 Rd2+
34. Rc2 Rxc2+ 35. Kxc2 Nc7 36. Ned1 Bd4 37. Bd3 Bxf2 38. Nxf2 Nd7 39. Ng4 b4
40. Na4 Nb5 41. Ne3 Nd4+ 42. Kd2 Nc5 43. Nb2 f6 44. Bc4 Bxc4 45. Nexc4 Nce6 46.
h4 Nf4 47. g3 Nfe2 48. Nd3 Nxg3 49. Ke3 Ne6 50. Kf2 Nh5 51. Ne3 Kb5 52. Nd5 b3
53. Ke3 Nhf4 54. Kd2 Nxd3 55. Kxd3 Nf4+ 0-1

[Event "Lady Chess"]
[Site "Koge"]
[Date "2014.10.17"]
[Round "8"]
[White "Tomnikova, Lidia"]
[Black "Maisuradze, Nino"]
[Result "1/2-1/2"]
[WhiteElo "2240"]
[BlackElo "2349"]
[PlyCount "103"]
[EventDate "2014.10.11"]
[EventType "tourn"]
[EventRounds "9"]
[EventCountry "DEN"]
[Source "ChessBase"]
[SourceDate "2014.11.20"]

1. e4 c5 2. Nf3 a6 3. d4 cxd4 4. Nxd4 Nf6 5. Nc3 e5 6. Nf3 Bb4 7. Bc4 Qc7 8.
Qd3 d6 9. Bd2 Bxc3 10. Bxc3 b5 11. Bb3 Bb7 12. Ng5 O-O 13. O-O-O h6 14. Nxf7
Rxf7 15. Qxd6 Qxd6 16. Rxd6 Nc6 17. Rhd1 Re8 18. f3 Kf8 19. Bxf7 Kxf7 20. Kb1
Re6 21. R6d3 Re7 22. a3 Bc8 23. Be1 Rd7 24. Bf2 Ke8 25. Rd6 Rxd6 26. Rxd6 Bd7
27. Bh4 Ke7 28. Rd3 Ke8 29. Bxf6 gxf6 30. b3 Ke7 31. Kc1 Nd4 32. Kd2 Bc6 33.
Re3 Kd6 34. Re1 Be8 35. Rf1 a5 36. Rb1 Bf7 37. Kd3 h5 38. c4 Nxb3 39. cxb5 a4
40. Rb2 Kc5 41. Rc2+ Kxb5 42. Rc7 Nc5+ 43. Kc3 Bc4 44. Rg7 Bf1 45. Rg6 h4 46.
g3 hxg3 47. hxg3 Nd7 48. f4 Bg2 49. fxe5 fxe5 50. Rd6 Bh3 51. Rh6 Bg2 52. Rd6
1/2-1/2

[Event "Lady Chess"]
[Site "Koge"]
[Date "2014.10.12"]
[Round "3"]
[White "Tomnikova, Lidia"]
[Black "Frey, Alisa"]
[Result "1-0"]
[WhiteElo "2240"]
[BlackElo "2098"]
[PlyCount "81"]
[EventDate "2014.10.11"]
[EventType "tourn"]
[EventRounds "9"]
[EventCountry "DEN"]
[Source "ChessBase"]
[SourceDate "2014.11.20"]

1. e4 e5 2. Nf3 Nc6 3. Bb5 a6 4. Ba4 Nf6 5. O-O Be7 6. Re1 b5 7. Bb3 d6 8. a4
b4 9. a5 O-O 10. d3 Bg4 11. c3 Rb8 12. Nbd2 d5 13. Qc2 d4 14. cxd4 Nxd4 15.
Nxd4 Qxd4 16. Bc4 Qd6 17. Nb3 Be6 18. Be3 Nd7 19. Rec1 h6 20. Bxe6 Qxe6 21. d4
Bg5 22. Bxg5 hxg5 23. d5 Qg6 24. Qxc7 Nf6 25. Nc5 Rbd8 26. d6 Rc8 27. Qb7 Rb8
28. Qxa6 Rfd8 29. Qd3 Ne8 30. d7 Nf6 31. a6 Qh5 32. a7 Ra8 33. Rd1 g6 34. Qd6
Kg7 35. Ne6+ fxe6 36. Qe7+ Kh6 37. Qxf6 Qe2 38. b3 Qxe4 39. Qxd8 Rxd8 40. a8=Q
Rxa8 41. Rxa8 1-0